ბათუმის შოთა რუსთაველის სახელმწიფო უნივერსიტეტის ბიბლიოთეკა

მე–19 საუკუნის ქართველ განმანათლებელთა პედაგოგიური შეხედულებები (ბიბ.ჩანაწერი № 42751)

000 -LEADER
fixed length control field 01205nam a2200253Ia 4500
001 - CONTROL NUMBER
control field 9457
003 - CONTROL NUMBER IDENTIFIER
control field GE_BSU
008 - FIXED-LENGTH DATA ELEMENTS--GENERAL INFORMATION
fixed length control field 181216s||||||||xx |||||||||||||| ||und||
020 ## - INTERNATIONAL STANDARD BOOK NUMBER
International Standard Book Number 9789941424984
040 ## - CATALOGING SOURCE
Transcribing agency GE_BSU
080 ## - UNIVERSAL DECIMAL CLASSIFICATION NUMBER
Universal Decimal Classification number 37.01(479.22)(09)
100 ## - MAIN ENTRY--PERSONAL NAME
Personal name მენთეშაშვილი,ლია, შეროზია,ნატო
245 ## - TITLE STATEMENT
Title მე–19 საუკუნის ქართველ განმანათლებელთა პედაგოგიური შეხედულებები
245 ## - TITLE STATEMENT
Remainder of title ქართ.პედაგ.ისტორიის საკითხები
245 ## - TITLE STATEMENT
Statement of responsibility, etc. რედ.ავთანდილ ასათიანი
260 ## - PUBLICATION, DISTRIBUTION, ETC.
Place of publication, distribution, etc. თბილისი
260 ## - PUBLICATION, DISTRIBUTION, ETC.
Name of publisher, distributor, etc. მწიგნობარი
260 ## - PUBLICATION, DISTRIBUTION, ETC.
Date of publication, distribution, etc. 2013
300 ## - PHYSICAL DESCRIPTION
Extent 108გვ.20სმ.
300 ## - PHYSICAL DESCRIPTION
Accompanying material ბიბლიოგრ. გვ. 106-107
653 ## - INDEX TERM--UNCONTROLLED
Uncontrolled term მე–19 საუკუნის ქართველ განმანათლებელთა პედაგოგიური შეხედულებები
653 ## - INDEX TERM--UNCONTROLLED
Uncontrolled term ქართ.პედაგ.ისტორიის საკითხები
942 ## - ADDED ENTRY ELEMENTS (KOHA)
Koha item type წიგნი
ეგზემპლარები
Withdrawn status Lost status Damaged status Not for loan Date acquired Barcode Date last seen Price effective from Koha item type
        2018-12-17 32454 2018-12-17 2018-12-17 წიგნი
        2018-12-17 32455 2018-12-17 2018-12-17 წიგნი
        2018-12-17 32456 2018-12-17 2018-12-17 წიგნი